Košice

Zobrazenie: Pohľad zhora, z dómu na Štátne divadlo, pred ktorým je štvorcová, nestriekajúca fontána, obkolesená trávnikom s kvetmi a vľavo od fontány je rad stromov. Po oboch stranách trávnika s fontánou i divadlom vedie cesta. Vľavo a vpravo je cesta lemovaná radom budov. V rade budov vpravo vedľa...

Full description

Bibliographic Details
Format: Photo
Language:Slovak
PhysicalDescription:1 pohľadnica čiernobiela 9 x 14 cm
Published: Bratislava Tvar 1956
Subjects:

MARC

LEADER 00000nkm a2200000 a 4500
001 vtls012282690
003 SK-MaSNL
005 20260301232334.0
007 kf bo
008 250912s1956 xo g kuslo
015 |a SNBG1956 
040 |a SNK  |b slo  |c SNK  |e AACR2 
041 0 |a slo 
043 |a e-xo--- 
044 |a xo  |c SK 
072 7 |a 913  |x Regionálna geografia  |2 konspekt 
080 |a 913(437.6)  |2 2011 
080 |a 904:72  |2 2011 
080 |a 904(084.121)  |2 2011 
080 |a 792.05  |2 2011 
080 |a 726:27-523.42  |2 2011 
080 |a 725.948  |2 2011 
080 |a 725.1:342.3-057.341/.343  |2 2011 
080 |a 721  |2 2011 
080 |a 711.73  |2 2011 
080 |a 27-789.43-055.1  |2 2011 
080 |a 27-789.32  |2 2011 
245 0 0 |a Košice  |h grafika 
260 |a Bratislava  |b Tvar  |c 1956 
300 |a 1 pohľadnica  |b čiernobiela  |c 9 x 14 cm 
520 8 |a Zobrazenie: Pohľad zhora, z dómu na Štátne divadlo, pred ktorým je štvorcová, nestriekajúca fontána, obkolesená trávnikom s kvetmi a vľavo od fontány je rad stromov. Po oboch stranách trávnika s fontánou i divadlom vedie cesta. Vľavo a vpravo je cesta lemovaná radom budov. V rade budov vpravo vedľa divadla je premonštrátsky kostol. Neďaleko za ním v rade je Andrassyho palác a františkánsky kostol. Do diaľky sa rozprestierajú budovy mesta, za ktorým sú kopce 
610 2 7 |a Kostol sv. Antona Paduánskeho (Košice, Slovensko)  |2 SNKKA  |9 99182 
610 2 7 |a Kostol Najsvätejšej Trojice (Košice, Slovensko)  |2 SNKKA  |9 99244 
610 2 7 |a Andrássyho palác (Košice, Slovensko)  |2 SNKKA  |9 176239 
610 2 7 |a Štátne divadlo Košice  |2 SNKKA  |9 120184 
650 0 7 |a ulice  |2 SNKPH  |9 2938 
650 0 7 |a paláce  |2 SNKPH  |9 26828 
650 0 7 |a kostoly  |2 SNKPH  |9 3023 
650 0 7 |a divadlá  |2 SNKPH  |9 29113 
650 0 7 |a budovy  |2 SNKPH  |9 1283 
650 0 7 |a fontány  |2 SNKPH  |9 3014 
650 0 7 |a františkáni  |2 SNKPH  |9 174837 
650 0 7 |a premonštráti  |2 SNKPH  |9 26791 
650 0 7 |a národné kultúrne pamiatky  |2 SNKPH  |9 31192 
650 0 7 |a Streets  |2 SNKPHeng  |9 347269 
650 0 7 |a Palaces  |2 SNKPHeng  |9 324106 
650 0 7 |a Churches  |2 SNKPHeng  |9 268754 
650 0 7 |a Theaters  |2 SNKPHeng  |9 266595 
650 0 7 |a Buildings  |2 SNKPHeng  |9 286401 
650 0 7 |a Fontains  |2 SNKPHeng  |9 343782 
650 0 7 |a Franciscans  |2 SNKPHeng  |9 306101 
650 0 7 |a Premonstratensians  |2 SNKPHeng  |9 332864 
650 0 7 |a National cultural monuments  |2 SNKPHeng  |9 337379 
651 7 |a Košice (Slovensko)  |2 SNKPHgeo  |9 18694 
651 7 |a Hlavná ulica (Košice, Slovensko)  |2 SNKPHgeo  |9 29594 
655 7 |a miestne pohľadnice  |2 SNKPH  |9 70510 
655 7 |a pohľadnice kultúrnych pamiatok  |2 SNKPH  |9 70523 
655 7 |a Local postcards  |2 SNKPHeng  |9 340887 
655 7 |a Postcards of cultural monuments  |2 SNKPHeng  |9 340888 
852 |a Slovenská národná knižnica 
954 |a pohľadnice pôvodné (slovenské)  |2 lita 
958 |a OND 
958 |a GBN 
958 |a GC 
999 |c 961113  |d 963043 
952 |a SNK  |b SNK  |y PREZ  |7 0  |p 17A1440452  |o snkSP 81183  |0 0  |1 0  |4 0  |d 2025-09-12  |l 0  |r 2026-02-24 10:18:45  |w 2026-02-24